| 000 | 00665cam a2200253 4500500 | ||
|---|---|---|---|
| 005 | 20260329005136.0 | ||
| 041 | _afre | ||
| 042 | _adc | ||
| 245 | 0 | 0 | _aIndépendance |
| 260 | _c2022. | ||
| 500 | _a2 | ||
| 690 | _aCatalogne | ||
| 690 | _aCorruption | ||
| 690 | _aEnquête | ||
| 690 | _aIndépendance | ||
| 690 | _aJavier Cercas | ||
| 690 | _aMeurtre | ||
| 690 | _aMorale | ||
| 690 | _aPolitique | ||
| 690 | _aroman | ||
| 690 | _aRoman policier | ||
| 786 | 0 | _nPhilosophie magazine | 161 | 8 | 2022-07-01 | p. 64-64 | 1951-1787 | |
| 856 | 4 | 1 | _uhttps://shs.cairn.info/magazine-philosophie-magazine-2022-8-page-64?lang=fr&redirect-ssocas=7080 |
| 999 |
_c1840700 _d1840700 |
||